|
|
|
|
| LEADER |
00000nab a2200000 a 4500 |
| 001 |
vtls000572989 |
| 003 |
SK-MaSNL |
| 005 |
20260304090048.0 |
| 008 |
250425c1995 xo 0 slo |
| 015 |
|
|
|a SNBRB19rr/mm-uuuuu
|
| 035 |
|
|
|a CL0573127
|
| 035 |
|
|
|a urn:nbn:sk:snk-abakjt
|
| 035 |
|
|
|a (urnnbn)urn:nbn:sk:snk:ar-a0a7rd
|
| 035 |
|
|
|a (uuid)6001a674-8075-4561-92bd-6c99efbb9f5f
|
| 040 |
|
|
|a SNKBUCL
|b slo
|c SNKBUCL
|e AACR2
|
| 041 |
0 |
|
|a eng
|
| 044 |
|
|
|a xo
|c SK
|
| 080 |
|
|
|a 665.6:543.54
|2 1981
|
| 080 |
|
|
|a 543.54
|2 1981
|
| 100 |
1 |
|
|a Daučík, Pavol,
|d 1944-
|4 aut
|9 119220
|
| 245 |
1 |
0 |
|a Determination of Group Composition of Crude Oil Products by Liquid Chromatography
|c P. Daučík
|
| 300 |
|
|
|b Grafy 2, tab. 2, lit. 6 zázn. v angl., nem.
|
| 650 |
0 |
7 |
|a ropa
|2 snkbucl
|9 14547
|
| 650 |
0 |
7 |
|a kvapalinová chromatografia
|2 snkbucl
|9 74397
|
| 655 |
|
7 |
|a články z novín a časopisov
|2 snkbucl
|9 267496
|
| 773 |
0 |
|
|t Petroleum and coal. Ropa a uhlie
|g Roč. 37, č. 1 (1995), s. 68-69
|x 1335-1141
|
| 850 |
|
|
|a Slovenská národná knižnica
|
| 852 |
|
|
|a Slovenská národná knižnica
|
| 958 |
|
|
|a article14
|
| 958 |
|
|
|a NB
|
| 958 |
|
|
|a RK
|
| 958 |
|
|
|a OND
|
| 958 |
|
|
|a EUIPO
|
| 992 |
|
|
|a RBX
|
| 999 |
|
|
|c 2810213
|d 2812143
|